Nuestra juventud / (Record no. 117792)

MARC details
000 -LEADER
campo de control de longitud fija 00657nam a2200205 4500
001 - NÚMERO DE CONTROL
campo de control 117792
003 - IDENTIFICADOR DE NÚMERO DE CONTROL
campo de control ES-MaACL
005 - FECHA Y HORA DE LA ÚLTIMA TRANSACCIÓN
campo de control 20230906190954.0
007 - CAMPO FIJO DE DESCRIPCIÓN FÍSICA--INFORMACIÓN GENERAL
campo de control de longitud fija t|
008 - DATOS DE LONGITUD FIJA--INFORMACIÓN GENERAL
campo de control de longitud fija 070214s1945 ag r ||||1| spa d
100 0# - ENTRADA PRINCIPAL--NOMBRE DE PERSONA
Nombre de persona Péguy, Charles.
9 (RLIN) 89969
245 10 - MENCIÓN DEL TÍTULO
Título Nuestra juventud /
Mención de responsabilidad, etc. Charles Péguy ; versión directa de María Zoraida Villarroel.
260 ## - PUBLICACIÓN, DISTRIBUCIÓN, ETC.
Lugar de publicación, distribución, etc. Buenos Aires :
Nombre del editor, distribuidor, etc. Emecé,
Fecha de publicación, distribución, etc. 1945.
300 ## - DESCRIPCIÓN FÍSICA
Extensión 239 p. ;
Dimensiones 19 cm.
490 1# - MENCIÓN DE SERIE
Mención de serie Colección grandes ensayistas ;
Designación de volumen o secuencia 10
700 1# - ENTRADA AGREGADA--NOMBRE PERSONAL
Nombre de persona Villarroel, María Zoraida.
9 (RLIN) 115141
830 0# - PUNTO DE ACCESO ADICIONAL DE SERIE-TÍTULO UNIFORME
Título uniforme Colección grandes ensayistas ;
Designación de volumen o secuencia 10
9 (RLIN) 186406
852 ## - LOCALIZACIÓN
Ubicación ES-MaACL
Número de control de estantería E-296
Sublocalización o colección R.27199
Holdings
Estatus retirado Estado de pérdida Estado de daño No para préstamo Biblioteca de origen Biblioteca actual Ubicación en estantería Fecha de adquisición Fuente de adquisición Total de préstamos Signatura topográfica completa Código de barras Visto por última vez Precio de reemplazo Tipo de ítem Koha
        Biblioteca del Ateneo de Madrid Biblioteca del Ateneo de Madrid Depósito 2 17/01/2008     E-296 1122802 23/02/2023 23/02/2023 Libro impreso